| 000 | 00360 a2200157 4500 | ||
|---|---|---|---|
| 001 | 152671 | ||
| 040 | _cEscola São Tomás de Aquino | ||
| 100 | _aDUMAS, Alexandre | ||
| 240 | 1 | 0 |
_aO conde de Monte Cristo _lpor |
| 245 | 1 | 0 | _aO conde de Monte Cristo |
| 300 | _a127 | ||
| 362 | 0 | _a2001 | |
| 440 | 1 | _aScipione | |
| 697 | _a*LITERATURA JUVENIL | ||
| 942 | _cBK | ||
| 999 |
_c152671 _d152671 |
||